000 01005nam a2200241Ia 4500
003 GCL
005 20240530104145.0
008 140319s9999 xx 000 0 ara d
040 _aGCL /
_cGCL
082 0 4 _a920.71
_bم م
100 1 _aمحمود عوض
245 1 0 _aمتمردون لوجه الله :
_bابن حزم, ابن تميمة, رفاعة الطهطاوى, رفاعة الطهطاوى, جمال الدين الافغانى, عبدالله النديم /
_cمحمود عوض
260 _aالقاهرة :
_bدار الشروق ،
_c1981
300 _a270 ص ؛
_c24 سم
650 0 4 _aالاسلام والاصلاح الاجتماعى
650 0 4 _aجمال الدين الافغانى
650 0 4 _aرفاعة الطهطاوى
650 0 4 _aالاسلام وحركات الاصلاح والتجدي
650 0 4 _aابن تيمية، تقى الدين ابوالعباس
650 0 4 _aابن حزم الاندلسى
650 0 4 _aعبدالله النديم
942 _2ddc
_cBK
999 _c45057
_d45057